Scrambled Letters That Form A Food - Statistics

General Stats
  • This quiz has been taken 37 times
  • The average score is 8 of 10
Answer Stats
Hint Answer % Correct
pplae apple
100%
aepr pear
100%
apzzi pizza
97%
eseche cheese
94%
ootmat tomato
88%
noearmtewl watermelon
82%
mnloe lemon
79%
aebdr bread
76%
ceoctlhoa chocolate
76%
isfer fries
55%
No matching quizzes found
Score Distribution
Percent of People with Each Score
Percentile by Number Answered
Your Score History
You have not taken this quiz